[Event "Regionalliga NW 0607"]
[Site "Bayern"]
[Date "2007.04.01"]
[Round "8.7"]
[White "Schleupner, Kurt"]
[Black "Sappok, Johann"]
[Result "1/2-1/2"]
[WhiteElo "1953"]
[BlackElo "1947"]
[PlyCount "130"]
[EventDate "2006.10.15"]
[EventType "team-tourn"]
[EventRounds "9"]
[EventCountry "GER"]
[SourceTitle "EXT 2008"]
[Source "ChessBase"]
[SourceDate "2007.11.25"]
[SourceVersion "1"]
[SourceVersionDate "2007.11.25"]
[SourceQuality "1"]
[WhiteTeam "Hof"]
[BlackTeam "Bamberg II"]
[WhiteTeamCountry "GER"]
[BlackTeamCountry "GER"]

1. e4 e6 2. d4 d5 3. Nc3 dxe4 4. Nxe4 Nd7 5. Nf3 Ngf6 6. Nxf6+ Nxf6 7. Bd3 b6 8. Bg5 Bb7 9. Qe2 Be7 10. 0-0-0 0-0 11. Kb1 Qd5 12. c4 Qd6 13. Rhe1 Rfe8 14. Ne5 g6 15. f4 Rad8 16. Bc2 c5 17. dxc5 Qxc5 18. g4 Rxd1+ 19. Rxd1 Rd8 20. Re1 Qd6 21. h4 Kg7 22. h5 Qd2 23. a3 Qxe2 24. Rxe2 Ng8 25. Bxe7 Nxe7 26. hxg6 hxg6 27. g5 Rd4 28. Rf2 Nc6 29. Nxc6 Bxc6 30. b3 Be4 31. Kb2 Bxc2 32. Kxc2 f6 33. Kc3 Rd7 34. b4 Kf7 35. Rd2 Rc7 36. Rd8 fxg5 37. fxg5 e5 38. Rd6 Re7 39. Rf6+ Kg7 40. Kd3 e4+ 41. Ke3 Re5 42. Rc6 Rxg5 43. Kxe4 Rf5 44. c5 bxc5 45. bxc5 Kf7 46. a4 Rh5 47. a5 Ke7 48. Kd4 Kd7 49. Rxg6 Kc7 50. Kc4 Kb7 51. a6+ Kc7 52. Kb5 Rd5 53. Rg8 Rd8 54. Rg6 Rb8+ 55. Kc4 Rd8 56. Rh6 Rd1 57. Rh7+ Rd7 58. Rh2 Rd8 59. Rb2 Rb8 60. Rb4 Rxb4+ 61. Kxb4 Kc6 62. Kc4 Kc7 63. Kd5 Kd7 64. c6+ Kc7 65. Kc5 Kc8 1/2-1/2

[Event "Regionalliga NW 0607"]
[Site "Bayern"]
[Date "2007.03.18"]
[Round "7.7"]
[White "Dittmann, Rainer"]
[Black "Schleupner, Kurt"]
[Result "1-0"]
[WhiteElo "1966"]
[BlackElo "1953"]
[PlyCount "141"]
[EventDate "2006.10.15"]
[EventType "team-tourn"]
[EventRounds "9"]
[EventCountry "GER"]
[SourceTitle "EXT 2008"]
[Source "ChessBase"]
[SourceDate "2007.11.25"]
[SourceVersion "1"]
[SourceVersionDate "2007.11.25"]
[SourceQuality "1"]
[WhiteTeam "Schweinfurt"]
[BlackTeam "Hof"]
[WhiteTeamCountry "GER"]
[BlackTeamCountry "GER"]

1. d4 Nf6 2. Nf3 g6 3. Bg5 d5 4. e3 Bg7 5. Nbd2 0-0 6. Bd3 Nbd7 7. 0-0 b6 8. e4 dxe4 9. Nxe4 Bb7 10. Re1 Re8 11. c3 Rc8 12. Qe2 h6 13. Nxf6+ exf6 14. Qxe8+ Qxe8 15. Rxe8+ Rxe8 16. Be3 f5 17. Kf1 Nf6 18. h3 Ne4 19. Re1 g5 20. Bc1 Kf8 21. Nd2 a5 22. f3 Nd6 23. Rxe8+ Kxe8 24. Ke2 Kd7 25. Nc4 f4 26. Nxd6 Kxd6 27. Bd2 Bc8 28. Be4 f6 29. Bc1 Bf8 30. b3 Ke6 31. c4 f5 32. Bc6 Bd6 33. Bb2 Kf7 34. Bc3 h5 35. Be1 Be7 36. Bd2 Bd6 37. Be1 Ba3 38. Bd2 Bd6 39. Kd3 h4 40. Bc1 Be7 41. Bb2 Bf6 42. Ba3 Be7 43. Bb2 Bf6 44. a3 Be7 45. Kc3 Ke6 46. b4 axb4+ 47. axb4 Kd6 48. b5 Bd8 49. Ba3+ Ke6 50. Bd5+ Kf6 51. c5 Be7 52. Kc4 Bd8 53. Bb2 Ke7 54. Bc6 Be6+ 55. d5 Bd7 56. Bxd7 Kxd7 57. Bg7 Ke7 58. Be5 Kd7 59. cxb6 cxb6 60. d6 Ke6 61. Kd4 g4 62. fxg4 fxg4 63. Bxf4 gxh3 64. gxh3 Bf6+ 65. Ke4 Bc3 66. Bh2 Bb4 67. Bg1 Ba5 68. d7 Kxd7 69. Kd5 Ke7 70. Bf2 Kf6 71. Bxh4+ 1-0